Risk, uncertainty and decision-making in property development

Bibliographic Details
Main Authors: Byrne, Peter (Author), Cadman, David (Author)
Format: Book
Language:English
Published: London : E & F.N. Spon 1984
Subjects:

MARC

LEADER 00000cam a2200000 7i4500
001 0000002162
005 20240925.0
008 991127 enk a eng
020 |a 0419119507 
040 |a INS   |b eng   |e rda 
090 0 0 |a HD1390   |b .B96 1984 
100 1 |a Byrne, Peter ,   |e author 
245 1 0 |a Risk, uncertainty and decision-making in property development   |c Peter Byrne, David Cadman 
264 1 |a London :   |b E & F.N. Spon   |c 1984 
264 4 |c ©1984 
300 |a viii, 184 pages :   |b illustrations ;   |c 21 cm. 
336 |a text  |2 rdacontent 
337 |a unmediated  |2 rdamedia 
338 |a volume  |2 rdacarrier 
504 |a Includes bibliographical references and index 
650 0 |a Management   |x Decision making 
650 0 |a Risk 
650 0 |a Uncertainty 
700 1 |a Cadman, David ,   |e author 
999 |a 0000000654   |b BOOK   |c Open Shelf   |e Default branch 
999 |a 0000022161   |b BOOK   |c Open Shelf   |e Default branch